LEADER 01276nam a2200301 a 4500 001 000000128178 003 CaOOAMICUS 005 20120323122557.0 008 120323s2011 it u000 u ita r 020 $a978-88-6507-210-3 040 $aPUL$bita 082 04$a263 100 1 $aGemmiti, Dante.$0(OLS)http://pul/name/22825 245 13$aIl Natale dei padri greci :$btesti patristici greci tradotti e commentati /$cDante Gemmiti. 260 $aRoma :$bUniversItalia,$cİ2011. 300 $a211 p. ;$c24 cm 500 $aSulla cop.: Area Storia del cristianesimo. 504 $aBibliografia p. 197-205. 650 4$aPatristica greca$xTesti.$0(OLS)http://pul/subject/27721 650 4$aPatristica greca$xConcezione del Natale.$0(OLS)http://pul/subject/38563 850 $aPUL 852 $aPUL$W1$xSL Religione 3$y85$m263 GEMDA 1$j148364$qDDC 21$B146958$CPULBib$Z2$F146958 $H119300 $82 941 1 $a9 996 $6020$a978-88-6507-210-3$9(OLS)http://pul/number/149305 996 $6082$a263$9(OLS)http://pul/classification/1774 996 $6245$aIl Natale dei padri greci :$btesti patristici greci tradotti e commentati$9(OLS)http://pul/title/161964 996 $6260$aRoma :$bUniversItalia$9(OLS)http://pul/publisher/81945 LEADER 00979nam a2200253 a 4500 001 000000135368 003 CaOOAMICUS 005 20130905114623.0 008 130905s1978 it u000 u ita r 040 $aPUL$bita 100 1 $aBetocchi, Carlo,$d1899-1986?.$0(OLS)http://pul/name/34346 245 10$aPoesie scelte /$cCarlo Betocchi ; a cura di Carlo Bo. 260 $aMilano :$bMondadori,$c1978. 300 $aXXIV, 106 p. ;$c19 cm 490 1 $aOscar poesia ;$v256 700 1 $aBo, Carlo,$d1911-2001.$0(OLS)http://pul/name/5385 830 0$aOscar poesia ;$v256.$0(OLS)http://pul/title/171168 850 $aPUL 852 $aPUL$W1$xDP1 Fondo E. Rossi$y115$m2 A 33$j37149$qFondi$q $B155405$CPULBib$Z2$F155405 $Hnull $81 941 1 $a1 961 $aSul dorso collocazione ms. di E. Rossi: I 21 996 $6245$aPoesie scelte$9(OLS)http://pul/title/111576 996 $6260$aMilano :$bMondadori$9(OLS)http://pul/publisher/50297